000 00569nam a2200133 a 4500
001 000039142
005 20201002031520.0
008 130527s2001 cl 000 0 spa d
040 _aDO-SdBNP
_bspa
_cBNPHU
110 1 _aRepública de Colombia
_bMinisterio de Educación Nacional
_bConsejo Nacional de Acreditación
_965349
245 1 0 _aCriterios y procedimientos para el registro calificado de programas academicos de pregrado en ciancias de la salud :
_bVersión preliminar.
260 _aBogotá :
_bConsejo Nacional de Acreditación,
_c2001.
300 _a126 p. ;
_c25 cm.
999 _c38632
_d38632